| 000 | 00649nam a2200145 a 4500 | ||
|---|---|---|---|
| 001 | 000033083 | ||
| 005 | 20200930070021.0 | ||
| 008 | 110817s1925 dr bc 000 0 spa d | ||
| 040 |
_aDO-SdBNP _bspa _cBNPHU |
||
| 110 | 1 |
_aRepública Dominicana _bDepartamento de Agricultura é Inmigración _958764 |
|
| 245 | 1 | 4 |
_aLos bosques de la República Dominicana : _breproducido del The geographical review, vol. XII, abril, 1922 No. 2. |
| 260 |
_aSanto Domingo, : _bAgricultura é Inmigración _bOficina del secretario de estado, _c1925. |
||
| 300 |
_a18 p. : _bmapa, retrs. ; _c26 cm. |
||
| 590 | _aPerteneció a la biblioteca personal de Carlos Larrazábal Blanco | ||
| 999 |
_c32574 _d32574 |
||